000 02206cam a22005414i 4500
003 PE-LiUPU
005 20250731165511.0
008 180226s2015 ag a rb 001 0 spa d
020 _a9789871609901
035 _a(Sirsi) a241389
040 _aPE-LiUPU
_bspa
_cPE-LiUPU
_erda
049 _aPRUA
082 0 4 _a005.3
_bC32
_221
100 1 _aCastro Lechtaler, Antonio,
_eautor.
245 1 0 _aComunicaciones y redes :
_bpara profesionales en sistemas de información /
_cAntonio Ricardo Castro Lechtaler y Ruben Jorge Fusario.
250 _a1a Edición.
264 1 _aBuenos Aires :
_bAlfaomega,
_c2015.
300 _a836 páginas :
_bilustraciones ;
_c24 centímetros
336 _atext
_2rdacontent
337 _aunmediated
_2rdamedia
338 _avolume
_2rdacarrier
504 _aBibliografía : páginas 829-832.
504 _aÍndice : páginas 833-836.
505 0 _aLas comunicaciones -- La sociedad del conocimiento -- Convergencia -- La red internet -- Los procesos de estandarización y los organismos de normalización -- Transmisión de señales -- Técnicas de la transmisión de la información -- Redes de telecomunicaciones -- Medios de comunicaciones -- La capa física -- Modulación y digitalización de señales -- Tecnología para el transporte de señales -- Redes de área local -- Los protocolos de internet: las capas de red y de transporte.
526 _aSEG44
526 _aSEG26
526 _aP151
526 _aP150
526 _aP149
526 _aP146
526 _aP145
526 _aP126
526 _aP125
526 _aP92
526 _aP75
526 _aP74
526 _aP27
526 _aP15
541 _g0001-0042353;
650 0 4 _aInformática.
650 0 4 _aComputing.
700 1 _aFusario, Rubén Jorge,
_eautor.
910 _adbm
_bksl
_cksl
_d20180226
942 _2ddc
_cBOOK
994 _aC0
_bPEPRU
596 _a1
999 _a005.3 C32
_wLC
_c27026
_i78130
_d27026
_e2018-6-3
_f2021-11-9
_g4
_lCCODEBUL1
_mBUL
_n6
_p47.55
_q4
_r0
_sY
_tBOOK
_u2018-2-26
_xINGENIERIA
_PP27
_0COMPRA
_o.STAFF. Colección Ingeniería y Arquitectura
980 _81
_gALBERTO SANCHEZ Responsable de Automatización